2023 playoff starters - Statistics

General Stats
  • This quiz has been taken 8 times
  • The average score is 6 of 10
Answer Stats
Heat Bucks Answer % Correct
PF Giannis Antetokounmpo
100%
PG Jrue Holiday
100%
C Bam Adebayo
83%
C Brook Lopez
83%
SG Grayson Allen
83%
PF Jimmy Butler
83%
SG Tyler Herro
67%
PG Gabe Vincent
0%
SF Khris MiIddleton
0%
SF Max Strus
0%
No matching quizzes found
Score Distribution
Percent of People with Each Score
Percentile by Number Answered
Your Score History
You have not taken this quiz